000 03722nkm0a2200589 4500
001 RU\NLR\BIBL_A\022643047
005 20251127233434.0
035 _a(NLR Aleph) 022643047
071 5 0 _a435
_d5 коп.
_91000
090 _a88905
_c88905
100 _a20251013d1929 u y0rusy50 ca
101 0 _arus
102 _aRU
116 _adiybxx zz ae
135 _acrcn 024anaba
181 0 _ab4
_bxb2e
182 0 _an
200 1 _aДагестан
_iСт. Темир-Хан-Шура С-К ж. д.
_eпочтовая карточка
203 _aИзображение
_bнеподвижное
_bдвухмерное
_bвизуальное
_cнепосредственное
210 _a[Москва]
_cИзд. Всесоюзное контрагентство печати
_d[1929?
_eМосква]
_gФотот. пр. к. т-ва "Артель фототипов"
215 _a1 л.
_cфототип.
_d10,5х14,9
300 _aЦенз. разрешение: Главлит № А-13691
301 _aИзд. номер: № 435
316 _aЭкз. РНБ на шифре Э ОТ63/Д140, инв.208900: 10,3х14,7 см. На адрес. стороне штемпель: К-во печати 5 к.
_5NLR: Э ОТ63/Д140
325 _aКопия доступна в Электрон. б-ке РНБ
532 1 2 _aДагестан. Станция Темир-Хан-Шура Северо-Кавказских железных дорог
606 1 _aПочтовые открытки маркированные художественные
_yСССР
_z1917 - 1941
_2nlr_sh2
_3RU\NLR\AUTH\6601555037
606 1 _aФотографические открытки
_2nlr_sh2
_3RU\NLR\AUTH\661600135
606 1 _aЖелезнодорожные станции
_yСССР
_jОткрытки
_2nlr_sh1
_3RU\NLR\AUTH\66394438
606 1 _aВокзалы
_jОткрытки
_2nlr_sh1
_3RU\NLR\AUTH\66103073
610 1 _aВидовые открытки
617 _aСССР
_bДагестанская АССР
_dТемир-Хан-Шура, город
_eЖелезнодорожная станция
686 0 _aЩ153(2)7-489
711 0 2 _aСеверо-Кавказские железные дороги им. Маркова
_bСтанция Темир-Хан-Шура
_3RU\NLR\AUTH\880632807
712 0 2 _aВсесоюзное контрагентство печати
_3RU\NLR\AUTH\885157
_4650
712 0 2 _a"Артель фототипов", промысловое кооперативное товарищество
_cМосква
_bФототипия
_3RU\NLR\AUTH\880372943
_4610
830 _aОткрытка датирована по экз. РНБ на шифре Э ОТ63/Д140, инв.66534: на адресной стороне штамп, содержащий год поступления в РНБ: "Гос. Публичн. Б-ка 1929. Об. экз. Лнгр.", 1285. АЯ ОЭФ
852 0 0 _aNLR
_bЭ
_jОТ63/Д140
_mинв.66534
852 0 0 _aNLR
_bЭ
_jОТ63/Д140
_mинв.208900
856 0 _uhttps://vivaldi.nlr.ru/lo000072288/view
856 1 _uhttps://vivaldi.nlr.ru/lo000072288/cover
856 2 _uhttps://vivaldi.nlr.ru/lo000072288/text
901 _eИзографические материалы
942 _cVISUAL
945 _aРоссийская национальная библиотека
980 _aBV
980 _aNB
981 1 7 _a(17) Изографические материалы
_b(17) Открытки